Estadísticas para Países más cercanos a las Islas Cook

Haz click aquí para intentar la prueba.

Estadísticas generales

  • Esta prueba ha sido intentada 22 veces
  • La puntuación promedio es 16 de 20

Estadísticas de respuestas

kmpaís% Correcto
4568Australia
100%
2958Nueva Zelanda
100%
2650Islas Salomón
95%
3219Nauru
95%
696Samoa
95%
3077Islas Marshall
89%
3887Micronesia
89%
1604Tuvalu
89%
2734Vanuatu
89%
1574Fiyi
84%
5815Indonesia
84%
1183Kiribati
84%
6894Palaos
84%
4218Papua Nueva Guinea
79%
1016Tonga
79%
6964Japón
74%
4903Chile
68%
3105Estados Unidos
63%
6298México
32%
704Niue
21%

Distribución de puntuación

Porcentaje por número respondido

Porcentaje de gente con cada puntuación

Historial de tus puntuaciones

No has intentado esta prueba.